=LDR 00000nam 2200000 4500 =001 INLIS000000000037088 =005 20130612142833 =008 ***********************************Ind** =035 ##$$0010-061300000037088 =041 ##$$a Ind =082 ##$$a 741.5 =090 ##$$a 741.5, Rob b =100 ##$$a Roba, Verron d'apres =245 ##$$a Boule dan bill = cepat besar bill, Verron diapres roba ; alih bahasa, Achmad Farhandi Yasa Saputra =260 ##$$a 2011 $b Jakarta =300 ##$$a 46 hlm, ilus, 25 cm =650 ##$$a Komimk Bacaan =700 ##$$a Saputra, Achmad Farhandi Yasa =850 ##$$a NBPNMAT